Online
Catalog

Por el bien de la humanidad / (Record no. 19073)

MARC details
000 -CABECERA
campo de control de longitud fija 00779nam a2200229 a 4500
001 - NÚMERO DE CONTROL
campo de control 000019557
005 - FECHA Y HORA DE LA ÚLTIMA TRANSACCIÓN
campo de control 20250501120733.0
008 - DATOS DE LONGITUD FIJA--INFORMACIÓN GENERAL
campo de control de longitud fija 100630s1976 mx a 000 0 spa d
040 ## - FUENTE DE LA CATALOGACIÓN
Centro catalogador/agencia de origen DO-SdBNP
Lengua de catalogación spa
Centro/agencia transcriptor BNPHU
041 17 - CÓDIGO DE LENGUA
Código de lengua del texto/banda sonora o título independiente spa
Código de lengua original eng
Fuente del código Código de idioma MARC
082 ## - NÚMERO DE LA CLASIFICACIÓN DECIMAL DEWEY
Número de clasificación 304.6
Número de documento/Ítem B877p
049 ## - FONDOS LOCALES (OCLC)
Fondos de biblioteca BNGR
100 1# - ENTRADA PRINCIPAL--NOMBRE DE PERSONA
Nombre de persona Brown, Lester R.,
9 (RLIN) 41968
240 10 - TÍTULO UNIFORME
Título uniforme In the human interest.
Lenguaje de la obra Español.
245 10 - MENCIÓN DE TÍTULO
Título Por el bien de la humanidad /
Mención de responsabilidad, etc. Lester R. Brown ; traducción de Jaime Vásquez.
260 ## - PUBLICACIÓN, DISTRIBUCIÓN, ETC.
Lugar de publicación, distribución, etc. México :
Nombre del editor, distribuidor, etc. Diana,
Fecha de publicación, distribución, etc. 1976.
300 ## - DESCRIPCIÓN FÍSICA
Extensión 267 p. :
Otras características físicas il. ;
Dimensiones 22 cm.
534 ## - NOTA SOBRE LA VERSIÓN ORIGINAL
Frase introductoria Título original en inglés:
Mención de título del original In the human interest.
Publicación, distribución, etc. del original W. W. Norton & Company, 1974
650 #0 - PUNTO DE ACCESO ADICIONAL DE MATERIA--TÉRMINO DE MATERIA
Término de materia o nombre geográfico como elemento de entrada Demografía
9 (RLIN) 45443
650 #4 - PUNTO DE ACCESO ADICIONAL DE MATERIA--TÉRMINO DE MATERIA
Término de materia o nombre geográfico como elemento de entrada Control natal
9 (RLIN) 26741
700 1# - PUNTO DE ACCESO ADICIONAL--NOMBRE DE PERSONA
Nombre de persona Vásquez, Jaime,
Término indicativo de función/relación tr.
9 (RLIN) 41969
Holdings
Estado de retiro Estado de pérdida Restricciones de uso No para préstamo Código de colección Localización permanente Ubicación/localización actual Ubicación en estantería Fecha de adquisición Número de inventario Total de préstamos Signatura topográfica completa Código de barras Fecha visto por última vez Precio válido a partir de Tipo de ítem Koha Número de copia
        Monografías: Libros y Folletos General General En catalogación 30.06.2010 LF1   304.6 B877p 19557-10 25.06.2020 25.06.2020 Préstamo en sala  
      Préstamo restrigido Monografías: Libros y Folletos General General En catalogación 30.06.2010 LF1   304.6 B877p 19557-20 25.06.2020 25.06.2020 Préstamo en sala e. 2
        Monografías: Libros y Folletos General General En catalogación 30.06.2010 LF1   304.6 B877p 19557-30 25.06.2020 25.06.2020 Préstamo en sala e. 3

Powered by Koha